| 000 | 00750nam a2200289Ia 4500 | ||
|---|---|---|---|
| 008 | 160716s9999||||xx |||||||||||||| ||und|| | ||
| 040 | _cEnglish | ||
| 082 | _aXI.A/Roy | ||
| 082 | _bBORI-85566 | ||
| 100 | _aM. N Roy | ||
| 245 | _aRevolution and Counter-Revolution in China | ||
| 260 | _aCalcutta | ||
| 260 | _bRenaissance publishers | ||
| 260 | _c1946 | ||
| 300 | _avii+689 | ||
| 300 | _cC | ||
| 300 | _eHardbound | ||
| 530 | _u00085566.pdf | ||
| 563 | _aStudy | ||
| 600 | _aM. N Roy | ||
| 630 | _aRevolution and Counter-Revolution in China | ||
| 650 | _aGeneral Indology | ||
| 650 | _aPolitics History and Historiography | ||
| 700 | _aM. N Roy | ||
| 730 | _aRevolution and Counter-Revolution in China | ||
| 942 | _cBOOK | ||
| 999 |
_c1398912 _d1398909 |
||